[Event "AUTO-ADV-4925"]
[Site "http://www.queenalice.com/game.php?id=1870697"]
[Date "2026.3.19"]
[Round "1"]
[White "maurice916"]
[Black "altair"]
[Result "0-1"]
[WhiteElo "1900"]
[BlackElo "1824"]

1. Nf3 d6 2. d4 d5 3. b3 h6 4. Bb2 Nf6 5. e3 a6 6. c4 e6 7. Nbd2 Bd6 8. c5 Be7
9. b4 O-O 10. Bd3 Nc6 11. O-O Nd7 12. Bc2 Nxb4 13. Bb1 b6 14. a3 Nc6 15. Qc2
bxc5 16. dxc5 g6 17. h3 Bb7 18. Nb3 Bf6 19. Ba2 Bxb2 20. Qxb2 a5 21. Rac1 Ba6
22. Nbd4 Nxd4 23. exd4 Bxf1 24. Kxf1 c6 25. Qd2 Kh7 26. g3 f5 27. Ne5 Qc7 28.
Qe2 Rab8 29. Kg2 Rb5 30. Nd3 g5 31. Qxe6 Rf6 32. Qe7+ Kg6 33. Rc2 Rb8 34. Ne5+
Kh5 35. g4+ fxg4 36. Nxg4 Rf4 37. Rd2 Rbf8 38. Qh7 R4f6 39. Re2 Qd8 40. Nxf6+
Nxf6 41. Qc2 Ne4 42. Qd3 Rf4 43. Bb1 Qf6 44. Qe3 g4 45. Bxe4 Rxe4 46. hxg4+
Rxg4+ 47. Kf1 Qh4 48. Qe5+ Rg5 49. Qe8+ Kg4 50. Ke1 Qh1+ 51. Kd2 Qf3 52. Qe6+
Kh4 53. Qxh6+ Rh5 54. Qxc6 Qf4+ 55. Kc2 Qxd4 56. Rd2 Qc4+ 57. Kd1 Qb3+ 58. Ke2
Re5+ 59. Kf1 Qh3+ 60. Kg1 Rg5# 0-1

[Event "Challenge"]
[Site "http://www.queenalice.com/game.php?id=1871620"]
[Date "2026.4.8"]
[Round "-"]
[White "jogo"]
[Black "altair"]
[Result "1-0"]
[WhiteElo "1417"]
[BlackElo "1843"]

1. e4 e5 2. Nf3 d6 3. d4 Nc6 4. dxe5 dxe5 5. Qxd8+ Kxd8 6. Bc4 f6 7. Nc3 Bd7 8.
a3 Bd6 9. Nb5 a6 10. Nxd6 cxd6 11. b4 b5 12. Bxg8 Rxg8 13. Be3 g5 14. h3 h6 15.
O-O-O f5 16. exf5 Bxf5 17. Rxd6+ Ke7 18. Rxc6 Rac8 19. Rxc8 Rxc8 20. Bc5+ Kf6
21. Rd1 h5 22. Rd6+ Kg7 23. Rxa6 g4 24. hxg4 hxg4 25. Nxe5 Re8 26. Bd4 Rc8 27.
Nxg4+ Kf8 28. Rf6+ Ke7 29. Rxf5 Ke6 30. Rxb5 Rg8 31. Re5+ Kd6 32. Bc5+ Kc6 33.
Ne3 Ra8 34. g4 Kd7 35. f4 Rxa3 36. Kb2 Ra6 37. Nd5 Rg6 38. f5 Rg5 39. Re7+ Kc6
40. c4 Rxg4 41. Rc7# 1-0

[Event "AUTO-ADV-4930"]
[Site "http://www.queenalice.com/game.php?id=1871924"]
[Date "2026.4.14"]
[Round "1"]
[White "chessman"]
[Black "altair"]
[Result "1/2-1/2"]
[WhiteElo "2156"]
[BlackElo "1796"]

1. e4 e5 2. Nf3 d6 3. d4 Nc6 4. d5 Nce7 5. Bb5+ Bd7 6. Bxd7+ Qxd7 7. O-O h6 8.
Nc3 Nf6 9. Re1 a6 10. h3 Ng6 11. a4 Be7 12. Qe2 Nf4 13. Bxf4 exf4 14. e5 dxe5
15. Qxe5 Rd8 16. Qxf4 O-O 17. Rad1 Bd6 18. Qd4 b6 19. Ne5 Bxe5 20. Qxe5 Rfe8 21.
Qd4 Qf5 22. Rxe8+ Rxe8 23. Rd2 Nd7 24. Qd3 Qg5 25. Rd1 a5 26. Nb5 Ne5 27. Qg3
Qxg3 28. fxg3 Rc8 29. b3 c6 30. dxc6 Rxc6 31. c4 f5 32. Rd5 Re6 33. Nd4 Re7 34.
Nxf5 Re8 35. Nd4 Nd3 36. Nf5 Re1+ 37. Kh2 Nf2 38. g4 Rh1+ 39. Kg3 Ne4+ 40. Kf4
Ng5 41. Rd8+ Kh7 42. Rd7 Ne6+ 43. Kg3 Rb1 44. Rd3 Nc5 45. Rd8 Rxb3+ 46. Kh2 Rb4
47. Rb8 Ne6 48. Rb7 Kg6 49. Re7 Kf6 50. Rb7 h5 51. Ne3 hxg4 52. Nd5+ Ke5 53.
Rxb6 Rxb6 54. Nxb6 Nc5 55. hxg4 Kd6 56. Kg3 Kc6 57. Nd5 Nxa4 58. Kf4 Nb2 59. Nc3
a4 60. Kg5 a3 61. Kg6 Kc5 62. Na2 Kxc4 63. Kxg7 Kb3 64. Nc1+ Kc2 65. Na2 Nc4 66.
g5 Ne5 67. g6 Kd2 68. Kf6 Ng4+ 69. Kf7 Ke2 70. Ke6 Kf2 1/2-1/2

[Event "AUTO-ADV-4930"]
[Site "http://www.queenalice.com/game.php?id=1871938"]
[Date "2026.4.14"]
[Round "1"]
[White "altair"]
[Black "EdsonEstevam"]
[Result "1-0"]
[WhiteElo "1844"]
[BlackElo "1719"]

1. e4 e5 2. Nf3 Nc6 3. a3 Nf6 4. d3 Bc5 5. h3 O-O 6. Be2 d6 7. a4 Re8 8. c3 d5
9. Bg5 h6 10. Bh4 dxe4 11. dxe4 Qe7 12. Bd3 a6 13. b4 Ba7 14. O-O Qe6 15. b5
axb5 16. axb5 Ne7 17. Bg3 c6 18. b6 c5 19. bxa7 Nc6 20. c4 Rd8 21. Nc3 Nd4 22.
Nxd4 cxd4 23. Nb5 Rd7 24. f4 exf4 25. Bxf4 g5 26. Nc7 Rxc7 27. Bxc7 Kg7 28. Re1
h5 29. e5 Ng8 30. Qxh5 Kf8 31. Bd6+ Ke8 32. Qxg5 Bd7 33. Qxg8# 1-0

[Event "AUTO-ADV-4930"]
[Site "http://www.queenalice.com/game.php?id=1871939"]
[Date "2026.4.14"]
[Round "1"]
[White "EdsonEstevam"]
[Black "altair"]
[Result "0-1"]
[WhiteElo "1697"]
[BlackElo "1827"]

1. e4 e5 2. Nf3 d6 3. Bc4 h6 4. d3 a5 5. O-O c6 6. Nc3 b5 7. Bxf7+ Kxf7 8. a3
Nf6 9. h3 Be7 10. a4 b4 11. Ne2 Ba6 12. b3 Rf8 13. Ng3 Kg8 14. Re1 Nbd7 15. d4
exd4 16. Nxd4 c5 17. Nc6 Qe8 18. Nf5 Bd8 19. Bf4 Ne5 20. Nxe5 dxe5 21. Be3 Nxe4
22. Nxg7 Kxg7 23. Qd5 Bf6 24. Qxe4 Rg8 25. Qg4+ Kh7 26. Qf5+ Rg6 27. Bxc5 Bc8
28. g4 Bxf5 29. Ra2 Bxg4 30. hxg4 Rxg4+ 31. Kf1 Qh5 32. Raa1 Qh1+ 33. Ke2 Re4+
34. Be3 Qh5+ 35. Kf1 Bg5 36. Rad1 Rf8 37. Bxg5 Qh1# 0-1

[Event "AUTO-ADV-4930"]
[Site "http://www.queenalice.com/game.php?id=1871941"]
[Date "2026.4.14"]
[Round "1"]
[White "Capixabba789"]
[Black "altair"]
[Result "1-0"]
[WhiteElo "1858"]
[BlackElo "1855"]

1. d4 d5 2. Nc3 e6 3. f4 Nf6 4. Nf3 h6 5. e3 Be7 6. Bd3 Nc6 7. O-O O-O 8. Qe1
Nd7 9. Qg3 Nf6 10. Bd2 a6 11. Ne5 b5 12. Ne2 Ne4 13. Bxe4 dxe4 14. Nxc6 Qd6 15.
Nxe7+ Qxe7 16. a3 f5 17. Bb4 c5 18. Bxc5 Qc7 19. Bxf8 Kxf8 20. c3 a5 21. Rad1
Ba6 22. b4 axb4 23. axb4 Bb7 24. Ra1 Rc8 25. Qh4 Bd5 26. Rfc1 Bc4 27. Ng3 Bd3
28. Nh5 Qf7 29. Ra6 Be2 30. Ng3 Bd3 31. Rca1 Kg8 32. Ra8 Rxa8 33. Rxa8+ Kh7 34.
Qd8 Bc4 35. Qh8+ Kg6 36. Qe8 Qxe8 37. Rxe8 Kf7 38. Rb8 g5 39. fxg5 hxg5 40. Rb7+
Kf6 41. Rc7 Bd3 42. Kf2 f4 43. exf4 gxf4 44. Nf1 e3+ 45. Nxe3 fxe3+ 46. Kxe3 Bf1
47. g3 Kf5 48. Rc5+ Kg4 49. Rc8 Kh3 50. Rh8+ Kg2 51. g4 Bc4 52. g5 e5 53. dxe5
Be6 54. g6 Bd5 55. g7 1-0